[Event "43rd World U20 ch"]
[Site "Kochi IND"]
[Date "2004.11.27"]
[Round "9.9"]
[White "Smeets, Jan"]
[Black "Smerdon, David"]
[Result "1-0"]
[WhiteElo "2515"]
[BlackElo "2425"]
[EventDate "2004.11.19"]
[PlyCount "79"]

1.e4 d5 2.exd5 Nf6 3.d4 Bg4 4.f3 Bf5 5.Bb5+ Nbd7 6.c4 e6 7.dxe6 Bxe6 8.d5 
Bf5 9.Nc3 Bb4 10.Ne2 O-O 11.Bxd7 Nxd7 12.O-O Qh4 13.Ng3 Bg6 14.Nce4 h6 15.
Bd2 Bc5+ 16.Kh1 Bd4 17.Nf5 Bxf5 18.Be1 Qe7 19.Qxd4 Bxe4 20.fxe4 Qe5 21.Bc3
Rae8 22.Qxa7 Qh5 23.Qxb7 Nc5 24.Qxc7 Nxe4 25.Bb4 Re5 26.Rf3 Rfe8 27.d6 Ng5
28.Rff1 Ne4 29.Kg1 Qe2 30.Rae1 Qxb2 31.Qxf7+ Kh7 32.d7 Qd4+ 33.Kh1 Rd8 34.
Rd1 Qb6 35.a3 Rg5 36.Be7 Rxd7 37.Rxd7 Rg6 38.Bh4 Qb2 39.Qf3 Qc2 40.Rd4 1-0

[Event "43rd World U20 ch"]
[Site "Kochi IND"]
[Date "2004.11.27"]
[Round "9.10"]
[White "Venkatesh, Marani Rajendran"]
[Black "Sai Srinivas, Dasari"]
[Result "0-1"]
[WhiteElo "2450"]
[BlackElo "2237"]
[EventDate "2004.11.19"]
[PlyCount "82"]

1.e4 c5 2.Nf3 d6 3.d4 cxd4 4.Nxd4 Nf6 5.Nc3 Nc6 6.Bg5 Bd7 7.Qd2 Rc8 8.f4 
h6 9.Bxf6 gxf6 10.O-O-O Nxd4 11.Qxd4 Qa5 12.Kb1 Qc5 13.Qd3 e6 14.e5 f5 15.
Be2 h5 16.Qh3 d5 17.Bxh5 Rh7 18.Rd2 Qb4 19.Rd3 Qxf4 20.Qg3 Qxg3 21.hxg3 
Ke7 22.Ne2 Bg7 23.Nf4 Bxe5 24.Re3 Bxf4 25.gxf4 Rc4 26.g3 Re4 27.Rxe4 fxe4 
28.Rh4 f5 29.Kc1 Be8 30.Be2 Rxh4 31.gxh4 Kf6 32.h5 e5 33.fxe5+ Kxe5 34.Kd2
f4 35.h6 Bg6 36.Bh5 Kf6 37.Bg4 Kg5 38.Bc8 b6 39.Kc3 Kxh6 40.Be6 Kg5 41.
Bxd5 f3 0-1

[Event "43rd World U20 ch"]
[Site "Kochi IND"]
[Date "2004.11.27"]
[Round "9.11"]
[White "Jianu, Vlad-Cristian"]
[Black "Bartel, Mateusz"]
[Result "1-0"]
[WhiteElo "2444"]
[BlackElo "2481"]
[EventDate "2004.11.19"]
[PlyCount "51"]

1.d4 Nf6 2.c4 e6 3.Nf3 b6 4.Nc3 Bb7 5.Bg5 h6 6.Bh4 Bb4 7.Qb3 Bxc3+ 8.Qxc3 
d6 9.e3 Nbd7 10.Qc2 Qe7 11.Bd3 g5 12.Bg3 h5 13.h3 h4 14.Bh2 Rg8 15.O-O-O 
g4 16.hxg4 Rxg4 17.Bf4 Nh5 18.Be4 d5 19.cxd5 Nxf4 20.exf4 Qf6 21.g3 hxg3 
22.fxg3 exd5 23.Bf5 Rxg3 24.Bxd7+ Kxd7 25.Ne5+ Kd8 26.Rh8+ 1-0

[Event "43rd World U20 ch"]
[Site "Kochi IND"]
[Date "2004.11.27"]
[Round "9.12"]
[White "Tikkanen, Hans"]
[Black "Ilyin, Artem"]
[Result "0-1"]
[WhiteElo "2338"]
[BlackElo "2522"]
[EventDate "2004.11.19"]
[PlyCount "54"]

1.d4 e6 2.c4 Bb4+ 3.Bd2 a5 4.g3 d6 5.Nc3 Nc6 6.a3 Bxc3 7.Bxc3 Nf6 8.b3 e5 
9.d5 Ne7 10.Bg2 Bf5 11.f3 c6 12.e4 Bd7 13.dxc6 Nxc6 14.Qxd6 Qb6 15.Bxe5 
Be6 16.Bxf6 gxf6 17.Ne2 Rd8 18.Qf4 Ne5 19.Qxf6 Nd3+ 20.Kd2 Nf4+ 21.Kc2 
Nxe2 22.Qxh8+ Ke7 23.Qxd8+ Kxd8 24.Rhd1+ Ke7 25.Rab1 Qc5 26.Rd2 Nd4+ 27.
Kb2 a4 0-1

[Event "43rd World U20 ch"]
[Site "Kochi IND"]
[Date "2004.11.27"]
[Round "9.13"]
[White "Grigorov, Grigor"]
[Black "Lafuente, Pablo"]
[Result "1/2-1/2"]
[WhiteElo "2321"]
[BlackElo "2473"]
[EventDate "2004.11.19"]
[PlyCount "67"]

1.d4 Nf6 2.c4 e6 3.Nc3 Bb4 4.Qc2 c5 5.dxc5 Bxc5 6.Nf3 Qb6 7.e3 Qc7 8.b3 b6
9.Bb2 a6 10.Bd3 Bb7 11.Ne4 Bb4+ 12.Ke2 Be7 13.Nxf6+ Bxf6 14.Bxf6 gxf6 15.
Be4 Nc6 16.Qc3 Ke7 17.Rhd1 Rhg8 18.g3 h5 19.h3 d6 20.Rd2 f5 21.Bc2 Rad8 
22.Rad1 Na5 23.Qd4 Bxf3+ 24.Kxf3 Nc6 25.Qh4+ f6 26.Ke2 b5 27.cxb5 axb5 28.
Qxh5 Rh8 29.Qf3 Rxh3 30.Rh1 Rdh8 31.Rxh3 Rxh3 32.Qf4 Ne5 33.e4 fxe4 34.
Qxe4 1/2-1/2

[Event "43rd World U20 ch"]
[Site "Kochi IND"]
[Date "2004.11.27"]
[Round "9.15"]
[White "Poobesh Anand, Selvaraj"]
[Black "Nad Hedesi, Balind"]
[Result "0-1"]
[WhiteElo "2367"]
[BlackElo "2337"]
[EventDate "2004.11.19"]
[PlyCount "54"]

1.d4 d5 2.Nf3 Nf6 3.c4 c6 4.e3 e6 5.Nbd2 Nbd7 6.Bd3 Bd6 7.O-O O-O 8.b3 e5 
9.cxd5 cxd5 10.dxe5 Nxe5 11.Be2 Re8 12.Bb2 Nc6 13.Nd4 Ne4 14.Nxe4 Nxd4 15.
Ng3 Nxe2+ 16.Nxe2 Qg5 17.Nc3 Be6 18.f4 Qf5 19.Qd4 Bf8 20.Nb5 Rad8 21.Qd2 
Qe4 22.Nc3 Qf5 23.Ne2 Rc8 24.Nd4 Qe4 25.f5 Bd7 26.Rf4 Qe7 27.Re1 Qd8 0-1

[Event "43rd World U20 ch"]
[Site "Kochi IND"]
[Date "2004.11.27"]
[Round "9.16"]
[White "Arghyadip Das"]
[Black "Barbosa, Oliver"]
[Result "1-0"]
[WhiteElo "2353"]
[BlackElo "2311"]
[EventDate "2004.11.19"]
[PlyCount "71"]

1.e4 e6 2.d4 d5 3.Nc3 c6 4.Nf3 b6 5.Bg5 Be7 6.h4 h6 7.Be3 a5 8.h5 Bb4 9.e5
Ba6 10.Qd2 Qc8 11.a3 Bf8 12.g4 Bxf1 13.Rxf1 Na6 14.Nh4 Qd8 15.Ng2 Ne7 16.
f4 Qd7 17.Nh4 g6 18.Na4 Qb7 19.hxg6 fxg6 20.Qd3 Rg8 21.f5 gxf5 22.gxf5 Rg4
23.fxe6 O-O-O 24.Nf5 Kb8 25.Nd6 Qa7 26.Rf7 h5 27.O-O-O Rg3 28.Nf5 Rh3 29.
Qf1 Rxe3 30.Nxe3 Bh6 31.Rd3 b5 32.Qf6 Bxe3+ 33.Rxe3 bxa4 34.Qxe7 Qxe7 35.
Rxe7 Nc7 36.Rf3 1-0

[Event "43rd World U20 ch"]
[Site "Kochi IND"]
[Date "2004.11.27"]
[Round "9.17"]
[White "Gupta, Abhijeet"]
[Black "Olsson, Linus"]
[Result "0-1"]
[WhiteElo "2412"]
[BlackElo "2289"]
[EventDate "2004.11.19"]
[PlyCount "72"]

1.d4 Nf6 2.Bg5 e6 3.e4 h6 4.Bxf6 Qxf6 5.c3 d6 6.Bd3 Nd7 7.Ne2 h5 8.O-O Qh6
9.Na3 Be7 10.f4 a6 11.Nc2 b6 12.Ne1 Bb7 13.Nf3 h4 14.c4 O-O 15.Qd2 Bf6 16.
Rad1 Rad8 17.g4 hxg3 18.hxg3 e5 19.g4 exf4 20.Kf2 Bh4+ 21.Kg2 Nf6 22.Rh1 
Nxe4 23.Qc2 Ng5 24.d5 Nxf3 25.Kxf3 Rfe8 26.Nxf4 Re5 27.Rd2 Bc8 28.Rdh2 
Bxg4+ 29.Kg2 Qxf4 30.Rxh4 Qf3+ 31.Kh2 Rde8 32.Rg1 Re2+ 33.Bxe2 Rxe2+ 34.
Qxe2 Qxe2+ 35.Rg2 Qe5+ 36.Rg3 f5 0-1

[Event "43rd World U20 ch"]
[Site "Kochi IND"]
[Date "2004.11.27"]
[Round "9.19"]
[White "Tallaksen, Geir Sune"]
[Black "Mandizha, Farai"]
[Result "1-0"]
[WhiteElo "2343"]
[BlackElo "2200"]
[EventDate "2004.11.19"]
[PlyCount "66"]

1.d4 Nf6 2.c4 e6 3.Nf3 b6 4.a3 Bb7 5.Nc3 Be7 6.d5 exd5 7.cxd5 O-O 8.e4 d6 
9.Bd3 Nbd7 10.Nd4 Re8 11.O-O Bf8 12.Re1 a6 13.Bg5 g6 14.f4 Bg7 15.Bc4 b5 
16.Ba2 Qb8 17.Bh4 Nh5 18.Nc6 Bxc6 19.dxc6 Nc5 20.Qd5 Rf8 21.f5 b4 22.axb4 
Qxb4 23.Rab1 Nf4 24.Qd2 Ncd3 25.Re3 Bh6 26.Bf6 Nc5 27.Rf1 Rae8 28.Rxf4 
Bxf4 29.fxg6 Bxe3+ 30.Qxe3 Rxe4 31.gxf7+ Rxf7 32.Qg5+ Kf8 33.Bg7+ Rxg7 1-0

[Event "43rd World U20 ch"]
[Site "Kochi IND"]
[Date "2004.11.27"]
[Round "9.20"]
[White "Rohit, Gogineni"]
[Black "Mabusela, Johannes"]
[Result "1-0"]
[WhiteElo "2281"]
[BlackElo "2316"]
[EventDate "2004.11.19"]
[PlyCount "65"]

1.e4 c5 2.Nf3 g6 3.c4 Nc6 4.d4 cxd4 5.Nxd4 Nf6 6.Nc3 d6 7.Be2 Nxd4 8.Qxd4 
Bg7 9.O-O O-O 10.Qd3 Bd7 11.f3 Qa5 12.Be3 Rfc8 13.Rac1 a6 14.b4 Qd8 15.
Rfd1 a5 16.b5 Be6 17.Na4 Nd7 18.f4 f6 19.Qa3 b6 20.Nxb6 Nxb6 21.c5 Nd7 22.
c6 Qc7 23.cxd7 Qxd7 24.b6 f5 25.e5 Rxc1 26.Qxc1 Bxa2 27.Bc4+ Bxc4 28.Qxc4+
Kh8 29.Qd5 Rd8 30.Qxa5 Qc6 31.Qd5 Qc3 32.Qd3 Qxd3 33.Rxd3 1-0

[Event "43rd World U20 ch"]
[Site "Kochi IND"]
[Date "2004.11.27"]
[Round "9.21"]
[White "Cifka, Stanislav"]
[Black "Sandeep, Yalamanchili"]
[Result "1-0"]
[WhiteElo "2310"]
[BlackElo "2138"]
[EventDate "2004.11.19"]
[PlyCount "96"]

1.d4 Nf6 2.c4 g6 3.f3 d5 4.cxd5 Nxd5 5.e4 Nb6 6.Nc3 Bg7 7.Be3 O-O 8.Qd2 
Nc6 9.O-O-O e5 10.d5 Nd4 11.f4 c5 12.fxe5 Bg4 13.Re1 Bxe5 14.h3 Bd7 15.Nf3
Nxf3 16.gxf3 Re8 17.f4 Bg7 18.h4 Rc8 19.e5 h5 20.Bd3 Na4 21.Nxa4 Bxa4 22.
d6 c4 23.Bc2 Bxc2 24.Qxc2 Rc6 25.Kb1 Qd7 26.Rhg1 b5 27.Bd4 c3 28.b3 Rxd6 
29.exd6 Rxe1+ 30.Rxe1 Bxd4 31.Rd1 Qxd6 32.f5 Qf6 33.fxg6 fxg6 34.Qe4 Be5 
35.Re1 Qf2 36.Re2 Qg1+ 37.Kc2 Bg7 38.Rg2 Qb6 39.Qxg6 Qxg6+ 40.Rxg6 b4 41.
Rg5 Kf7 42.Rxh5 Bf6 43.Rb5 Be7 44.h5 Bf8 45.Rb7+ Kf6 46.Rxa7 Kg5 47.Ra5+ 
Kh6 48.a4 bxa3 1-0

[Event "43rd World U20 ch"]
[Site "Kochi IND"]
[Date "2004.11.27"]
[Round "9.22"]
[White "Mishra, Soumyaranjan"]
[Black "Vaidya Chaitanya, N."]
[Result "0-1"]
[WhiteElo "2299"]
[BlackElo "2184"]
[EventDate "2004.11.19"]
[PlyCount "80"]

1.e4 e6 2.d3 d5 3.Nd2 c5 4.Ngf3 Nc6 5.g3 Bd6 6.Bg2 Nge7 7.O-O O-O 8.Re1 f6
9.c3 d4 10.Nc4 e5 11.Nh4 b5 12.Nxd6 Qxd6 13.Qb3+ Be6 14.Qxb5 Rab8 15.Qa6 
Rb6 16.Qa3 Rfb8 17.Nf3 Nb4 18.cxb4 Ra6 19.bxc5 Qc6 20.Qxa6 Qxa6 21.Bf1 Nc6
22.b3 Bxb3 23.Bd2 Bc2 24.Bh3 Qxd3 25.Be6+ Kh8 26.Kg2 Rb2 27.Bd5 Ne7 28.Be6
Qb5 29.Bc1 Rb1 30.a4 Qc6 31.Rxb1 Bxb1 32.Nd2 Bc2 33.Bg4 Qxc5 34.Nf3 Bxa4 
35.Bd2 Bc6 36.Rc1 Qb6 37.Re1 Qb7 38.Rc1 Bxe4 39.Ba5 f5 40.Rc7 fxg4 0-1

[Event "43rd World U20 ch"]
[Site "Kochi IND"]
[Date "2004.11.27"]
[Round "9.24"]
[White "Patwardhan, Omkar"]
[Black "Swaraj, Palit"]
[Result "1-0"]
[WhiteElo "2212"]
[BlackElo "2172"]
[EventDate "2004.11.19"]
[PlyCount "64"]

1.Nf3 Nf6 2.e3 g6 3.b3 Bg7 4.Bb2 O-O 5.d4 d6 6.c4 e5 7.dxe5 Ng4 8.Be2 Nc6 
9.Nbd2 Ngxe5 10.Nxe5 Bxe5 11.Bxe5 Nxe5 12.O-O Re8 13.Nf3 Bd7 14.Rc1 Qe7 
15.Qd2 Bc6 16.Nd4 Qg5 17.Nxc6 Nxc6 18.Rfd1 a5 19.Qb2 Qe5 20.Qb1 Ne7 21.Bf3
Rab8 22.Qc2 f5 23.c5 d5 24.Qd2 c6 25.Qxa5 Ra8 26.Qd2 Ra6 27.g3 Rea8 28.Rc2
Kf7 29.Kg2 Qb8 30.Rb1 Qa7 31.Rbb2 Ng8 32.b4 Nf6 1-0

[Event "43rd World U20 ch"]
[Site "Kochi IND"]
[Date "2004.11.27"]
[Round "9.25"]
[White "Bhatti, Ranveersingh"]
[Black "Arun, Karthik Ravichandra"]
[Result "1/2-1/2"]
[WhiteElo "2195"]
[BlackElo "2152"]
[EventDate "2004.11.19"]
[PlyCount "89"]

1.d4 g6 2.e4 d6 3.Nc3 Nf6 4.Be3 c6 5.Qd2 b5 6.Bd3 Nbd7 7.Nf3 e5 8.dxe5 
dxe5 9.O-O Be7 10.h3 O-O 11.a4 b4 12.Ne2 a5 13.Ng3 Qc7 14.Bh6 Rd8 15.Nf5 
Nc5 16.Nxe7+ Qxe7 17.Qg5 Re8 18.Rfe1 Ba6 19.Bxa6 Rxa6 20.Qh4 Nfd7 21.Qxe7 
Rxe7 22.b3 f6 23.Rad1 Kf7 24.Bc1 Ne6 25.Rd6 Ndc5 26.Bb2 Nb7 27.Rdd1 c5 28.
c3 Rd6 29.Rxd6 Nxd6 30.Nd2 Rd7 31.g3 Nb7 32.Nb1 Ng5 33.Kg2 Rd3 34.h4 Ne6 
35.Re2 Nd6 36.Rd2 Rxd2 37.Nxd2 Ke7 38.Kf3 Kd7 39.Ke3 Kc6 40.f4 exf4+ 41.
gxf4 f5 42.e5 Nc8 43.Nc4 Ne7 44.Nxa5+ Kc7 45.cxb4 1/2-1/2

[Event "43rd World U20 ch"]
[Site "Kochi IND"]
[Date "2004.11.27"]
[Round "9.26"]
[White "Mihailidis, Anastasios"]
[Black "Karthikeyan, Pandian"]
[Result "1/2-1/2"]
[WhiteElo "2278"]
[BlackElo "2131"]
[EventDate "2004.11.19"]
[PlyCount "41"]

1.e4 d6 2.d4 e5 3.Nf3 Nf6 4.Nc3 Nbd7 5.Bc4 Be7 6.O-O O-O 7.Be3 c6 8.Qe2 b5
9.dxe5 dxe5 10.Bd3 Qc7 11.Nh4 Nc5 12.Bxc5 Bxc5 13.Kh1 g6 14.Rae1 a6 15.f4 
exf4 16.e5 Bg4 17.Qd2 Be3 18.Rxe3 fxe3 19.Qxe3 Nd5 20.Nxd5 cxd5 21.Qd4 
1/2-1/2

[Event "43rd World U20 ch"]
[Site "Kochi IND"]
[Date "2004.11.27"]
[Round "9.27"]
[White "Ruijgrok, Dennis"]
[Black "Artels, Lieven"]
[Result "1/2-1/2"]
[WhiteElo "2255"]
[BlackElo "2084"]
[EventDate "2004.11.19"]
[PlyCount "31"]

1.e4 e5 2.Nf3 d6 3.d4 Nf6 4.Nc3 Nbd7 5.Bc4 Be7 6.O-O O-O 7.Qe1 c6 8.a4 b6 
9.d5 cxd5 10.Nxd5 Bb7 11.b3 Rc8 12.Ra2 Rc5 13.Nxe7+ Qxe7 14.Ba3 Nxe4 15.
Nd2 Nef6 16.Bxc5 1/2-1/2

[Event "43rd World U20 ch"]
[Site "Kochi IND"]
[Date "2004.11.27"]
[Round "9.28"]
[White "Soon Wai Cheong"]
[Black "Puneet, Jaiswal"]
[Result "0-1"]
[WhiteElo "2048"]
[BlackElo "2212"]
[EventDate "2004.11.19"]
[PlyCount "80"]

1.e4 e6 2.d4 d5 3.e5 c5 4.Nf3 Nc6 5.dxc5 Bxc5 6.Be2 Nb4 7.Bd2 Qc7 8.O-O 
Bd7 9.c3 Nc6 10.b4 Bf8 11.Bf4 Nge7 12.Bd3 Ng6 13.Bxg6 hxg6 14.Bg3 a5 15.b5
Na7 16.a4 Nc8 17.Nbd2 Qxc3 18.Rc1 Qb4 19.Rc7 Nb6 20.Rxb7 Nxa4 21.Ng5 Nc5 
22.Rxd7 Nxd7 23.Qf3 Qe7 24.Nde4 dxe4 25.Nxe4 Qd8 26.Ng5 Qxg5 27.Qxa8+ Qd8 
28.Qc6 a4 29.Rd1 Bc5 30.h3 a3 31.Kh2 a2 32.Qa6 O-O 33.Qxa2 Qc7 34.Qc4 Nb6 
35.Qe4 Nd5 36.Rc1 Qb6 37.Qe2 Rb8 38.Qc2 Be7 39.Rb1 Qc5 40.Qa4 Nc3 0-1

[Event "43rd World U20 ch"]
[Site "Kochi IND"]
[Date "2004.11.27"]
[Round "9.29"]
[White "Louw, Daniel Johannes"]
[Black "Ashwath, Raja"]
[Result "0-1"]
[WhiteElo "2187"]
[BlackElo "2124"]
[EventDate "2004.11.19"]
[PlyCount "128"]

1.e4 e5 2.Nf3 Nc6 3.d4 exd4 4.Nxd4 Bc5 5.Nxc6 Qf6 6.Qd2 dxc6 7.Nc3 Be6 8.
Na4 Bb6 9.Nxb6 axb6 10.a3 Ne7 11.f4 Rd8 12.Qf2 Qd4 13.Qxd4 Rxd4 14.Bd3 f5 
15.Be3 Rd8 16.O-O-O Kf7 17.Rhe1 Rhe8 18.exf5 Nxf5 19.Bd2 g6 20.Bc3 Bd5 21.
Rxe8 Rxe8 22.g3 h5 23.Re1 Rxe1+ 24.Bxe1 Nd4 25.Bf2 Nf5 26.Kd2 Kf6 27.h3 c5
28.g4 hxg4 29.hxg4 Nd6 30.Bh4+ Kf7 31.Bd8 Ne8 32.Ke3 Be6 33.f5 gxf5 34.
gxf5 Bd7 35.Kf4 b5 36.Ke5 c4 37.Be2 Ng7 38.f6 Ne6 39.Bh5+ Kg8 40.Be7 Ng5 
41.Bg6 Nf7+ 42.Kf4 Be6 43.Ke4 Bd7 44.Kd4 Ng5 45.Bh5 Ne6+ 46.Kc3 Ng5 47.Kb4
b6 48.Kc3 c5 49.Kd2 Be6 50.Ke3 Bf7 51.Bg4 Ne6 52.Ke4 Ng5+ 53.Kf5 Ne6 54.
Ke5 Nd4 55.c3 Nb3 56.Be6 Nc1 57.Bxf7+ Kxf7 58.Kd5 Nd3 59.Kc6 b4 60.a4 Nxb2
61.cxb4 c3 62.Bd6 c2 63.Bf4 cxb4 64.Kb5 Nd3 0-1

[Event "43rd World U20 ch"]
[Site "Kochi IND"]
[Date "2004.11.27"]
[Round "9.31"]
[White "Nanjo, Ryosuke"]
[Black "Navin, Kanna"]
[Result "1/2-1/2"]
[WhiteElo "2154"]
[BlackElo "2058"]
[EventDate "2004.11.19"]
[PlyCount "59"]

1.d4 g6 2.e4 Bg7 3.c4 c5 4.Ne2 cxd4 5.Nxd4 Nc6 6.Be3 d6 7.Be2 Nf6 8.Nc3 
O-O 9.O-O Bd7 10.Qd2 Re8 11.f3 a6 12.Rfc1 Nxd4 13.Bxd4 Qa5 14.Rab1 Rac8 
15.b4 Qh5 16.a4 Be6 17.Nd5 Bxd5 18.exd5 Bh6 19.f4 Bxf4 20.Qxf4 Qxe2 21.
Bxf6 exf6 22.c5 Qe5 23.Qxe5 Rxe5 24.Rd1 dxc5 25.bxc5 Rxc5 26.d6 Rc8 27.
Rxb7 Rd8 28.Ra7 a5 29.Ra6 Re6 30.Rc6 1/2-1/2

[Event "43rd World U20 ch"]
[Site "Kochi IND"]
[Date "2004.11.27"]
[Round "9.33"]
[White "Tiwari, Arjun"]
[Black "Venkat, S. Sundaram"]
[Result "0-1"]
[WhiteElo "2319"]
[BlackElo "2152"]
[EventDate "2004.11.19"]
[PlyCount "100"]

1.e4 c5 2.Nc3 d6 3.f4 g6 4.Nf3 Bg7 5.Bb5+ Bd7 6.Bxd7+ Qxd7 7.O-O Nc6 8.d3 
Nf6 9.Ne2 O-O 10.h3 e5 11.Be3 b6 12.Qe1 Rfe8 13.fxe5 dxe5 14.Qh4 Nb4 15.
Bg5 Qd6 16.Ne1 Nd7 17.a3 Na6 18.Be3 Nc7 19.Qf2 Qe7 20.h4 Rf8 21.g4 f6 22.
c4 Rab8 23.b4 a6 24.Nc2 Kh8 25.h5 Kg8 26.Ng3 Qe6 27.Qe2 Rf7 28.Rf2 Ne8 29.
Rb1 Qc6 30.Bd2 Rc8 31.b5 axb5 32.cxb5 Qa8 33.Qf1 Nd6 34.Rb2 Nf8 35.g5 fxg5
36.Bxg5 Ne6 37.Rxf7 Nxf7 38.Bf6 Nf4 39.Bxg7 Kxg7 40.Rb3 Nd6 41.Qa1 Re8 42.
a4 Qc8 43.Kf2 Qg4 44.Ne3 Qg5 45.h6+ Qxh6 46.Ng4 Qg5 47.Kf3 h5 48.Ne3 h4 
49.Ne2 Rf8 50.Nf5+ Rxf5 0-1

[Event "43rd World U20 ch"]
[Site "Kochi IND"]
[Date "2004.11.27"]
[Round "9.34"]
[White "Phadke, Sohan"]
[Black "Nitin, Senthilvel"]
[Result "1-0"]
[WhiteElo "2125"]
[BlackElo "2119"]
[EventDate "2004.11.19"]
[PlyCount "71"]

1.e4 c5 2.Nf3 d6 3.d4 cxd4 4.Nxd4 Nf6 5.Nc3 a6 6.Bc4 e6 7.Bb3 Nbd7 8.Bg5 
Qa5 9.Bd2 Qc7 10.O-O Nc5 11.Qf3 Be7 12.Rae1 b5 13.a3 Bb7 14.Ba2 Qb6 15.Re2
h6 16.Rfe1 Rc8 17.Nd5 exd5 18.exd5 Rc7 19.Nf5 Ne6 20.Qd3 Nxd5 21.Bxd5 Bxd5
22.Qxd5 Qc5 23.Qa8+ Rc8 24.Nxg7+ Kd7 25.Nxe6 fxe6 26.Qe4 e5 27.Bb4 Qc4 28.
Qf5+ Kc6 29.b3 Qh4 30.c4 bxc4 31.Re4 Qg5 32.Rxc4+ Kb6 33.Qe6 Rxc4 34.bxc4 
Ka7 35.Ba5 Kb8 36.Rb1+ 1-0

[Event "43rd World U20 ch"]
[Site "Kochi IND"]
[Date "2004.11.28"]
[Round "10.1"]
[White "Quezada Perez, Yuniesky"]
[Black "Harikrishna, Pentala"]
[Result "1/2-1/2"]
[WhiteElo "2513"]
[BlackElo "2612"]
[EventDate "2004.11.19"]
[PlyCount "46"]

1.e4 e5 2.Nf3 Nc6 3.Bb5 a6 4.Ba4 Nf6 5.O-O Be7 6.Re1 d6 7.Bxc6+ bxc6 8.d4 
exd4 9.Nxd4 Bd7 10.Nc3 O-O 11.b3 h6 12.Bb2 Nh7 13.Qd3 Bf6 14.Nde2 Re8 15.
Ng3 Be5 16.Nd1 Bxb2 17.Nxb2 Nf8 18.Qc3 Qg5 19.Nd3 Ng6 20.Re3 h5 21.f4 Qh6 
22.Rae1 h4 23.Nf5 Bxf5 1/2-1/2

[Event "43rd World U20 ch"]
[Site "Kochi IND"]
[Date "2004.11.28"]
[Round "10.2"]
[White "Zhao Jun"]
[Black "Drozdovskyi, Yury"]
[Result "1/2-1/2"]
[WhiteElo "2511"]
[BlackElo "2510"]
[EventDate "2004.11.19"]
[PlyCount "67"]

1.e4 e6 2.d4 d5 3.Nc3 Bb4 4.e5 Ne7 5.a3 Bxc3+ 6.bxc3 c5 7.Nf3 Qc7 8.a4 
Nbc6 9.Be2 cxd4 10.cxd4 Nb4 11.O-O Qxc2 12.Qe1 a5 13.Bb5+ Bd7 14.Ba3 Bxb5 
15.axb5 Nd3 16.Qd1 Rc8 17.b6 Qxd1 18.Rfxd1 Rc3 19.Bxe7 Kxe7 20.Rxa5 Rhc8 
21.Ra7 Rc1 22.Rxb7+ Ke8 23.Rf1 R8c2 24.h3 Rxf1+ 25.Kxf1 Rxf2+ 26.Kg1 Rb2 
27.Ng5 Nf4 28.Nxf7 Ne2+ 29.Kf1 Nxd4 30.Nd6+ Kd8 31.Nf7+ Ke8 32.Nd6+ Kd8 
33.Rb8+ Kd7 34.Rb7+ 1/2-1/2

[Event "43rd World U20 ch"]
[Site "Kochi IND"]
[Date "2004.11.28"]
[Round "10.3"]
[White "Sengupta, Deep"]
[Black "Alexeev, Evgeny"]
[Result "1-0"]
[WhiteElo "2359"]
[BlackElo "2604"]
[EventDate "2004.11.19"]
[PlyCount "89"]

1.f4 d5 2.Nf3 g6 3.e3 Bg7 4.Be2 Nf6 5.O-O O-O 6.d3 b6 7.h3 c5 8.Qe1 Bb7 9.
g4 e6 10.Nbd2 Qc7 11.Qg3 Nc6 12.a3 Rad8 13.Rb1 Rfe8 14.Rf2 Qd6 15.b4 Nd7 
16.b5 Ne7 17.a4 e5 18.fxe5 Nxe5 19.Bb2 Nc8 20.Nxe5 Bxe5 21.Qf3 Rd7 22.d4 
cxd4 23.Bxd4 Qc7 24.Bd3 Rde7 25.h4 Nd6 26.Rbf1 Nc4 27.h5 Qd7 28.h6 Qe6 29.
g5 Rf8 30.c3 Rfe8 31.Bxc4 dxc4 32.e4 Rd8 33.Rd1 Rxd4 34.cxd4 Bxd4 35.Kf1 
Bxf2 36.Kxf2 Re8 37.Qc3 f6 38.Qxc4 fxg5 39.Qxe6+ Rxe6 40.Nf3 Rf6 41.Ke3 
Kf8 42.Rd7 Rf7 43.Rxf7+ Kxf7 44.Nxg5+ Kg8 45.Kd4 1-0

[Event "43rd World U20 ch"]
[Site "Kochi IND"]
[Date "2004.11.28"]
[Round "10.4"]
[White "Gareev, Timur"]
[Black "Petrosian, Tigran L."]
[Result "1/2-1/2"]
[WhiteElo "2525"]
[BlackElo "2539"]
[EventDate "2004.11.19"]
[PlyCount "87"]

1.d4 d5 2.c4 e6 3.Nc3 c5 4.cxd5 exd5 5.Nf3 Nc6 6.Bf4 Nf6 7.e3 c4 8.Be2 Bd6
9.Ne5 O-O 10.O-O Re8 11.Nxc6 bxc6 12.Bxd6 Qxd6 13.b3 Qb4 14.Qc2 Be6 15.Na4
Ne4 16.Rfc1 c5 17.dxc5 Nxc5 18.Nxc5 Qxc5 19.Bd3 g6 20.bxc4 Rec8 21.cxd5 
Qxd5 22.Qe2 Rxc1+ 23.Rxc1 Qxa2 24.Qxa2 Bxa2 25.Ra1 Rd8 26.Rxa2 Rxd3 27.g4 
Rd7 28.Kg2 Kf8 29.Kf3 Ke7 30.Ke4 Kd6 31.h4 Ke7 32.h5 Kf6 33.Ra5 Re7+ 34.
Kf4 g5+ 35.Kf3 h6 36.Ra6+ Kg7 37.Ke2 Rb7 38.f4 gxf4 39.exf4 Rb4 40.Kf3 
Rb3+ 41.Kf2 Rb2+ 42.Kg3 Rb3+ 43.Kh4 Rb4 44.Kg3 1/2-1/2

[Event "43rd World U20 ch"]
[Site "Kochi IND"]
[Date "2004.11.28"]
[Round "10.5"]
[White "l`Ami, Erwin"]
[Black "Jianu, Vlad-Cristian"]
[Result "0-1"]
[WhiteElo "2516"]
[BlackElo "2444"]
[EventDate "2004.11.19"]
[PlyCount "88"]

1.e4 c5 2.Nf3 d6 3.d4 cxd4 4.Nxd4 Nf6 5.Nc3 g6 6.Be3 Bg7 7.f3 O-O 8.Qd2 
Nc6 9.O-O-O d5 10.exd5 Nxd5 11.Nxc6 bxc6 12.Bd4 e5 13.Bc5 Be6 14.Ne4 Re8 
15.g4 h6 16.h4 Qc7 17.h5 g5 18.Bd6 Qb6 19.Bc5 Qc7 20.Bd6 Qb6 21.c4 Red8 
22.c5 Qb7 23.Qa5 a6 24.Bc4 Nf4 25.Bxe6 Nxe6 26.Qb6 Qc8 27.Ng3 Nd4 28.Rhe1 
Nxf3 29.Re4 Nd4 30.Rdxd4 exd4 31.Nf5 Re8 32.Rxe8+ Qxe8 33.Ne7+ Kh7 34.Qxc6
Qxc6 35.Nxc6 Re8 36.Kd2 f5 37.gxf5 g4 38.b4 Re3 39.a4 g3 40.b5 axb5 41.
axb5 g2 42.Bh2 Rh3 43.Bg1 Rh1 44.Bf2 Rf1 0-1

[Event "43rd World U20 ch"]
[Site "Kochi IND"]
[Date "2004.11.28"]
[Round "10.6"]
[White "Sai Srinivas, Dasari"]
[Black "Smeets, Jan"]
[Result "0-1"]
[WhiteElo "2237"]
[BlackElo "2515"]
[EventDate "2004.11.19"]
[PlyCount "76"]

1.e4 c5 2.Nf3 d6 3.d4 Nf6 4.Bb5+ Bd7 5.Bxd7+ Qxd7 6.dxc5 Nxe4 7.cxd6 Nxd6 
8.O-O Nc6 9.Qe2 g6 10.c3 Bg7 11.Nbd2 O-O 12.Ne4 Nxe4 13.Qxe4 Rad8 14.Be3 
e5 15.Qh4 f5 16.Qa4 h6 17.Rfd1 Qf7 18.Nd2 Rd5 19.Nf1 Rfd8 20.Rxd5 Rxd5 21.
Qc4 e4 22.Qb3 a6 23.Re1 Ne5 24.Re2 Nd3 25.Bd2 Ra5 26.c4 Rc5 27.Ne3 b5 28.
Qa3 Bxb2 29.Qxa6 bxc4 30.Bb4 Nxb4 31.Qa8+ Qf8 32.Qxf8+ Kxf8 33.Rxb2 Nc6 
34.Kf1 c3 35.Rb1 c2 36.Rc1 Nd4 37.Ke1 f4 38.Nf1 Ra5 0-1

[Event "43rd World U20 ch"]
[Site "Kochi IND"]
[Date "2004.11.28"]
[Round "10.7"]
[White "Wojtaszek, Radoslaw"]
[Black "Quan, Zhe"]
[Result "1/2-1/2"]
[WhiteElo "2536"]
[BlackElo "2345"]
[EventDate "2004.11.19"]
[PlyCount "79"]

1.d4 Nf6 2.c4 c5 3.d5 b5 4.Nf3 g6 5.cxb5 a6 6.Qc2 d6 7.e4 Bg7 8.Nc3 O-O 9.
a4 e6 10.dxe6 fxe6 11.e5 dxe5 12.Be2 Bb7 13.O-O Qe7 14.Bg5 Nbd7 15.bxa6 
Bxa6 16.Bxa6 Rxa6 17.Qe2 Rfa8 18.Nxe5 Nxe5 19.Qxe5 Nd7 20.Qg3 Qd6 21.Bf4 
Qe7 22.Rfd1 Bd4 23.h3 e5 24.Be3 Qf7 25.Rac1 Nf6 26.Re1 Rd8 27.Qh4 Rd7 28.
Re2 Nd5 29.Nxd5 Qxd5 30.Qg5 Rxa4 31.Bxd4 cxd4 32.Rxe5 Qd6 33.Rcc5 Ra1+ 34.
Kh2 Re1 35.Rc8+ Kg7 36.f4 Rxe5 37.fxe5 Qe6 38.Qf4 Rf7 39.Qg4 Qxe5+ 40.Qg3 
1/2-1/2

[Event "43rd World U20 ch"]
[Site "Kochi IND"]
[Date "2004.11.28"]
[Round "10.8"]
[White "Deepan Chakravarthy, Jeyakumar"]
[Black "Ilyin, Artem"]
[Result "1/2-1/2"]
[WhiteElo "2396"]
[BlackElo "2522"]
[EventDate "2004.11.19"]
[PlyCount "44"]

1.e4 e6 2.d4 d5 3.Nd2 c5 4.Ngf3 cxd4 5.exd5 Qxd5 6.Bc4 Qd8 7.O-O a6 8.Nb3 
Qc7 9.Qe2 Bd6 10.Nbxd4 Ne7 11.Re1 Nbc6 12.Nxc6 Nxc6 13.b3 Bb4 14.Bd2 Bxd2 
15.Qxd2 O-O 16.Bd3 e5 17.Be4 f6 18.Rad1 Rd8 19.Qe2 Be6 20.c4 Rac8 21.h3 
Ne7 22.Bb1 Ra8 1/2-1/2

[Event "43rd World U20 ch"]
[Site "Kochi IND"]
[Date "2004.11.28"]
[Round "10.9"]
[White "Humpy, Koneru"]
[Black "Arghyadip Das"]
[Result "1/2-1/2"]
[WhiteElo "2503"]
[BlackElo "2353"]
[EventDate "2004.11.19"]
[PlyCount "139"]

1.d4 Nf6 2.Nf3 e6 3.c4 b6 4.a3 Bb7 5.Nc3 d5 6.cxd5 Nxd5 7.Qc2 Nxc3 8.Qxc3 
h6 9.e3 Be7 10.Bb5+ c6 11.Be2 O-O 12.O-O Nd7 13.Rd1 Qc7 14.b3 c5 15.Bb2 
Bf6 16.Rac1 Rac8 17.Qe1 Rfd8 18.b4 Qb8 19.Ba1 Qa8 20.Qf1 Be7 21.dxc5 bxc5 
22.b5 Bd5 23.Nd2 Nb6 24.f3 Rc7 25.Qf2 Rcd7 26.Qg3 Bf8 27.Bf6 Rc8 28.Bc3 
Rcd8 29.Kf1 Bc4 30.Nxc4 Rxd1+ 31.Bxd1 Nxc4 32.Qf4 Nb6 33.e4 a6 34.Qc7 Nc4 
35.Be2 axb5 36.Bxc4 bxc4 37.a4 Bd6 38.Qb6 Bf4 39.Ra1 Rd3 40.Qb2 Qb8 41.
Qxb8+ Bxb8 42.Rc1 Bxh2 43.e5 Bf4 44.Rc2 Rd1+ 45.Ke2 Rb1 46.a5 Rb3 47.Ra2 
Rxc3 48.a6 Rd3 49.a7 Rd8 50.a8=Q Rxa8 51.Rxa8+ Kh7 52.Rc8 Bxe5 53.Rxc5 Bf6
54.Rxc4 h5 55.Rc7 Kg6 56.Ke3 Be5 57.Rc5 Bd6 58.Rc6 Bb8 59.Rc8 Bd6 60.Rc6 
Bb8 61.Ra6 Bc7 62.Ke4 Kf6 63.Rc6 Bg3 64.f4 g6 65.Ra6 Be1 66.Rc6 Bd2 67.Rd6
Bb4 68.Rb6 Bd2 69.Rd6 Bb4 70.Rb6 1/2-1/2